Naruto Akatsuki Members - Statistics

General Stats
  • This quiz has been taken 783 times
  • The average score is 10 of 11
Answer Stats
Picture Answer % Correct
Obito
100%
Itachi
98%
Zetsu
95%
Kisame
94%
Nagato
93%
Orochimaru
93%
Deidara
92%
Hidan
92%
Sasori
91%
Konan
87%
Kakuzu
84%
No matching quizzes found
Score Distribution
Percent of People with Each Score
Percentile by Number Answered
Your Score History
You have not taken this quiz